000 00519nam a2200181Ia 4500
005 20250508162454.0
008 008 250505s9999 xx 000 0 hin d
037 _aTextual
040 _aFEDL
_beng
_cFEDL
041 _ahin
_2hin
084 _a153.93, AGN
_qFEDL
100 _aAgnihotri Prahlad Narayan
_9773227
245 0 _aBuddhi - pareekshan
260 _aBhopal, India
_bMadhya Pardesh Hindi Granth Academy
_c1971
300 _a289p
942 _cTEXL
_h153.93, AGN
999 _c1376767
_d1376767